| 000 | nam a22 a 4500 | ||
|---|---|---|---|
| 999 |
_c57736 _d57736 |
||
| 003 | BLK | ||
| 005 | 20230411101112.0 | ||
| 008 | 180408b bul|||||r ||||||| ||bul|| | ||
| 040 | _aBLK | ||
| 041 |
_aBUL _cBUL |
||
| 080 |
_aМедицинска микробиология. Подразделя се с отношение (Табл. Іb) към съответните деления на 61 _b579.61 _x(075.8) _z579.61(075.8) |
||
| 080 |
_aЕтиология. Учение за причините на болестите _b616-02 _x(075.8) _z616-02(075.8) |
||
| 100 | 1 |
_aТягуненко, Юрий Венедиктович _eпърви автор _9242064 |
|
| 139 | _aТягуненко, Юрий Венедиктович и др. | ||
| 245 | 1 | 0 |
_aМедицинска микробиология и техника на микробиологичните изследвания _bУчебник за мед. лаборанти _cЮ. В. Тягуненко, Т. Саркисян, Хр. Киселов. |
| 250 | _a2. изд. | ||
| 257 | _aBGR | ||
| 260 |
_aСофия _bМедицина и физкултура _c1978 _fПловдив : Д. Благоев |
||
| 300 |
_a415 с. _bс ил., табл. _c22 см |
||
| 380 | _a5 | ||
| 500 | _a1. изд. 1974. | ||
| 650 | 4 |
_aМикробиология, медицинска - учебници за ВУЗ _9247998 |
|
| 653 | _aмедицинска микробиология | ||
| 653 | _aмикробиологични изследвания | ||
| 653 | _aучебници за ВУЗ | ||
| 700 | 1 |
_aСаркисян, Такухи Диран _eсъавт. _9287823 |
|
| 700 | 1 |
_aКиселов, Христо _eсъавт. _9287824 |
|
| 852 |
_aЦб 93431 _bЦб |
||
| 942 |
_cKNG _n0 _s1 |
||
| 944 |
_aCR _c13.06.2004 _kЧиталня |
||
| 944 |
_aED _c2022-11-10 |
||